Essai sur l'inégalité des races humaines / (Record no. 154331)

MARC details
000 -LEADER
campo de control de longitud fija 00847nam a22002175i 4500
001 - NÚMERO DE CONTROL
campo de control 154331
003 - IDENTIFICADOR DE NÚMERO DE CONTROL
campo de control ES-MaACL
005 - FECHA Y HORA DE LA ÚLTIMA TRANSACCIÓN
campo de control 20250803083335.0
008 - DATOS DE LONGITUD FIJA--INFORMACIÓN GENERAL
campo de control de longitud fija 040706m18531855fr |||| | fre d
040 ## - FUENTE DE CATALOGACIÓN
Centro catalogador/agencia de origen CAM
Lengua de catalogación spa
Centro/agencia transcriptor CAM
100 1# - ENTRADA PRINCIPAL--NOMBRE DE PERSONA
Nombre de persona Gobineau, Arthur
Títulos y otros términos asociados al nombre comte de.
9 (RLIN) 147893
245 10 - MENCIÓN DEL TÍTULO
Título Essai sur l'inégalité des races humaines /
Mención de responsabilidad, etc. par A. de Gobineau.
260 ## - PUBLICACIÓN, DISTRIBUCIÓN, ETC.
Lugar de publicación, distribución, etc. Paris :
Nombre del editor, distribuidor, etc. Librairie de Firmin Didot Frères ;
Lugar de publicación, distribución, etc. Hanovre :
Nombre del editor, distribuidor, etc. Rumpler, libraire-éditeur,
Fecha de publicación, distribución, etc. 1853-1855.
300 ## - DESCRIPCIÓN FÍSICA
Extensión 4 v. ;
Dimensiones 23 cm.
596 ## - NOTA AL PIE DE IMPRENTA
NOTA AL PIE DE IMPRENTA En los tomos III-IV no consta en port. el segundo editor.
597 ## - NOTA DE DESCRIPCIÓN FÍSICA
NOTA DE DESCRIPCIÓN FÍSICA T. I, 1853 (XI, 492, [2] p.) -- T. II, 1853 (512, [2] p.) -- T. III, 1855 (423, [2] p.) -- T. IV, 1855 (359 p.)
650 07 - PUNTO DE ACCESO ADICIONAL DE MATERIA--TÉRMINO DE MATERIA
Término de materia o nombre geográfico como elemento de entrada Racismo
Fuente del encabezamiento o término embne
9 (RLIN) 16646
650 ## - PUNTO DE ACCESO ADICIONAL DE MATERIA--TÉRMINO DE MATERIA
Término de materia o nombre geográfico como elemento de entrada Raza.
9 (RLIN) 16677
852 ## - LOCALIZACIÓN
Ubicación ES-MaACL
Número de control de estantería G-7992-95
Nota libre -- Enc. hol.
Holdings
Estatus retirado Estado de pérdida Estado de daño No para préstamo Colección Biblioteca de origen Biblioteca actual Ubicación en estantería Fecha de adquisición Total de préstamos Signatura topográfica completa Código de barras Visto por última vez Precio de reemplazo Tipo de ítem Koha
        Libros del s. XIX Biblioteca del Ateneo de Madrid Biblioteca del Ateneo de Madrid Sala Pecera Planta 3 17/01/2008   G-7992-95 1161389 23/02/2023 23/02/2023 Libro impreso antiguo